Člověk v organizaci a personální řízení. Výběr z kursu personálního řízení FF UK.

Vplyv súčasných ekonomických a sociálnych zmien na vzťah pracovníka a podniku. Nová koncepcia človeka v organizácii. Aktuálne problémy riadenia. Význam ľudských zdrojov a poslanie sociálneho manažéra. Nová úloha personalistiky a vzdelávanie personalistov.

Saved in:
Bibliographic Details
Main Author: Doktorová, B.
Format: Book Chapter
Language:Czech
Subjects:
Tags: Add Tag
No Tags, Be the first to tag this record!

MARC

LEADER 00000naa a2200000 4500
001 r011913
005 20220826094026.5
041 0 |a cze 
044 |a CZ 
245 1 0 |a Člověk v organizaci a personální řízení.  |b Výběr z kursu personálního řízení FF UK.  |c B. Doktorová 
520 |a Vplyv súčasných ekonomických a sociálnych zmien na vzťah pracovníka a podniku. Nová koncepcia človeka v organizácii. Aktuálne problémy riadenia. Význam ľudských zdrojov a poslanie sociálneho manažéra. Nová úloha personalistiky a vzdelávanie personalistov. 
610 2 0 |a personalistika 
610 2 0 |a personalisti 
610 2 0 |a pracovníci 
610 2 0 |a podnik 
610 2 0 |a manažéri 
610 2 0 |a vzdelávanie 
610 2 0 |a kurzy 
610 2 0 |a riadenie sociálne 
100 1 |a Doktorová, B.